000 00584nam a22002057a 4500
003 OSt
005 20250924010100.0
008 250924b |||||||| |||| 00| 0 eng d
020 _a7478949
040 _aDWCL-Main lib
_cOC
082 _aCirc. 641.54 G775g 1969
100 _aGraves, Eleanor
245 _a Great dinners from life/
_cEleanor Graves
260 _aCanada:
_bTime Inc.,
_cc1969.
300 _a239 pages :
_b illustrations ;
_c31cm.
504 _aIncludes index
650 _a1. Dinners and dining
650 _a2. Seasonal cooking
942 _2ddc
_cBK-CIRC
_kCirc.
_n0
999 _c4518
_d4518